000 00314 a2200133 4500
005 20250620143930.0
082 _aLM 536 McK
100 _aMcKENZIE, A.E.E.
245 _aHeat
250 _a2nd Ed.
260 _aLondon,
_bCambridge,
_c1961.
300 _aviii,160p.: ill.; pictures.
_bIndex.
_c20cm.
942 _2ddc
_cBKS
999 _c1854
_d1854